| 000 | 00373cam a22001337a 4500 | ||
|---|---|---|---|
| 008 | 180718b1985 xxu||||| |||| 00| 0 eng d | ||
| 082 | _aT000x54 P886p | ||
| 100 | _aPrasad, Kamta | ||
| 245 |
_aPlanning for poverty alleviation _cby Kamta Prasad |
||
| 260 |
_aNew Delhi _bAgricole _c1985 |
||
| 300 | _a228p. | ||
| 650 | _aPoverty - India | ||
| 650 | _aEconomic planning - India | ||
| 999 |
_c351637 _d351637 |
||